Statistics for Countries Bordering Hungary

Click here to take the quiz!

General Stats

  • This quiz has been taken 544 times
  • The average score is 7 of 7

Answer Stats

Country% Correct
Slovakia
99%
Austria
97%
Romania
96%
Serbia
96%
Croatia
93%
Slovenia
93%
Ukraine
93%

Score Distribution

Percentile by Number Answered

Percent of People with Each Score

Your Score History

You have not taken this quiz